01170nam a2200337Ia 450000500170000000800410001702000180005804100080007610000300008424500480011425000220016226400290018430000480021333600270026133700330028833800280032152100350034953400220038465000520040665000500045865000380050865000370054665000380058365000350062165000360065665000340069270000270072670000330075304000350078608400110082120220317001723.0170328s2010 m a g 000 0 s  a9789702009757 aspa10aThé, Tjong-Khingd1933-10aDónde está el pastel?cThéTjong-Khing aPriemra edición 1aMéxicobCastilloc2010 a28 páginasbilustraciones a colorc29 cm. atextobtxt2rdacontent asin mediaciónbn2rdamedia avolumenbnc2rdacarrier aRecomendado desde los 3 años tWaar is de taart?142LEMBaÁlbumes infantiles indonesiosySiglo XX142LEMBaLiteratura infantil indonesiaySiglo XX142LEMBaAnimalesvÁlbum infantil 142LEMBaPastelesvÁlbum infantil142LEMBaAventurasvÁlbum infantil142LEMBaPerrosvÁlbum infantil142LEMBaRatonesvÁlbum infantil142LEMBaRobosvÁlbum infantil1 aArmida, Pilareeditora1 aGranados, Obsidianaeeditora aCO-BoRNBPbspaerdacCO-BoRNBP aA THE3